000 00368nam a22001457a 4500
003 OSt
005 20160727222346.0
008 160621b xxu||||| |||| 00| 0 eng d
040 _cTEST
100 _9253
_aCoelho, J., et al
245 _aOn The way Home: Moral Sceince
260 _aN.D
_b Scholar Pub
_c2002
300 _aOn The way Home: Moral Sceince
942 _2ddc
_cBK
999 _c201
_d201